UBT Library

Ç'është demokracia / (Record no. 143)

000 -LEADER
fixed length control field 00682nam a22002177a 4500
008 - FIXED-LENGTH DATA ELEMENTS--GENERAL INFORMATION
fixed length control field 131021b xxu||||| |||| 00| 0 alb d
020 ## - INTERNATIONAL STANDARD BOOK NUMBER
International Standard Book Number 9992731273
041 0# - LANGUAGE CODE
Language code of text/sound track or separate title alb
080 ## - UNIVERSAL DECIMAL CLASSIFICATION NUMBER
Universal Decimal Classification number 321.7
100 1# - Rafti
Rafti Sartori, Giovanni
245 10 - TITLE STATEMENT
Title Ç'është demokracia /
Statement of responsibility, etc Giovanni Sartori ; Përkthyer nga Kujtim Ymeri.
260 ## -
-- [Tiranë] :
-- Dituria ;
-- [1998]
300 ## -
-- 271 f. :
-- 21 cm.
500 ## -
-- Titulli i origjinalit : Democrazia cosa é
500 ## -
-- Parathënie : f. 3-4
500 ## -
-- Në kopertinë fotografia me shënime për autorin
505 ## -
-- Bibliografia : f. 261-267
650 #0 -
-- Demokracia
-- Botë
700 1# -
-- Ymeri, Kujtim
-- përkthyes
942 ## - ADDED ENTRY ELEMENTS (KOHA)
Source of classification or shelving scheme
Item type Books
Holdings
Withdrawn status Lost status Source of classification or shelving scheme Damaged status Not for loan Collection code Permanent location Current location Shelving location Date acquired Total Checkouts Full call number Barcode Date last seen Price effective from Koha item type
          Koleksioni i përgjithshem UBT - Prishtine UBT - Prishtine Koleksioni i përgjithshem 10/21/2013   321.7 SAR 001-000159 10/21/2013 10/21/2013 Books
UBT Library © 2015-2024. All rights reserved University Education for Business and Technology